000 00295nam a22001337a 4500
008 170406b xxu||||| |||| 00| 0 eng d
020 _a9780683182422
041 _aeng
080 _210 ED
_a616.34
100 _a9
101 _aSHM
245 _aHEMATOLOGY CLINICAL
_cLEE.G.R
942 _2udc
_cBK
999 _c9907
_d9907